Religiones más Seguidas del Mundo - Estadísticas

Estadísticas generales
  • Esta prueba ha sido intentada 294 veces
  • La puntuación promedio es 5 de 10
Estadísticas de respuestas
Adeptos Religión % Correcto
2.400 M Cristianismo
99%
1.400 M Islamismo
93%
535 M Budismo
87%
15 M Judaísmo
82%
1.200 M Hinduismo
77%
407 M Tradicional China
34%
25 M Sijismo
18%
9 M Yainismo
9%
8 M Bahaísmo
6%
7 M Caodaísmo
3%
No se encontraron pruebas coincidentes
Distribución de puntuación
Porcentaje de gente con cada puntuación
Porcentaje por número respondido
Historial de tus puntuaciones
No has intentado esta prueba.